Quizzes
Events
Quiz Creation
Community
Videos
Private Events
Remove Ads
Sign In
Join for FREE
Feedback
Dark Mode
Quiz Categories
Sports
Geography
Music
Movies
Television
Just For Fun
Miscellaneous
History
Literature
Language
Science
Gaming
Entertainment
Religion
Holiday
For Kids
Quiz Lab
Recent
Popular Today
Quiz Kudos Today
Editor Picks
Curator Picks
Quizzes by...
Day
Popularity
Type
Ratings
Length
Year
Community
Subscriptions
Recent Discussions
Orange Saloon
Badges
Playlists
Quests
Create
Leaderboards
Showdown
Live 5
Trivia Bingo
Activity
Puzzle Library
Sporcle Events
Private Events
Virtual Trivia
Globe League
Become a Host
Pub Owners
SporcleCon
Opinionation
Our Games
Videos
Blog
Mobile Apps
Partnerships
Remove Ads and Go Orange
Feedback
Geography
Country
Landmarks
City
State
Population
World
Capital
Continent
Flags
Europe
Africa
Asia
South America
North America
Oceania
Border
Canada
United Kingdom
Topography
United States
Geography
Country
Landmarks
City
State
Population
World
Capital
Continent
Flags
Europe
Africa
Asia
South America
North America
Oceania
Border
Canada
United Kingdom
Topography
United States
Random Quiz
Search Sporcle
×
Quiz Lab
Quiz Lab
Geography
Country
Type in answers that appear in a list
Type in answers that appear in a list
Classic
Best Score? Go Orange.
Country Quiz: Luxembourg Stats
Can you name the facts about Luxembourg?
By
marsco
10m
41 Questions
1,507 Plays
1,507 Plays
1,507 Plays
Comments
Comments
Give Quiz Kudos
Give Quiz Kudos
-
- Ratings
hide this ad
More Info
Replay
Link that replays current quiz
Next Quiz
Link to next quiz in quiz playlist
You Got
0%
They Got
Avg Score
64%
Avg Friend Score
Upgrade to see
Score Distribution
Jump to the score distribution portion of the page
Score
0/41
Timer
10:00
0
Plays Today
Hint
Answer
% Correct
Official Name
Grand Duchy of Luxembourg
97.7%
Internet Country Code
.lu
97.6%
Flag colour
Blue
97.3%
District of Luxembourg #3
Luxembourg
96.9%
Capital City
Luxembourg
96.8%
Flag colour
Red
96.7%
Flag colour
White
96.6%
Official Language
German
95.6%
Currency
Euro
94.3%
Bordering country
France
92.8%
Independence from
France
92.8%
Population (nearest million)
557,000
92.6%
Previous currency
Luxembourgish Franc
92.3%
Bordering country
Germany
92.3%
Official Language
French
91.8%
Bordering country
Belgium
91.7%
Continent
Europe
90.2%
Drives on the...
Right
88.7%
Most popular sport
Soccer
87.5%
Largest Religious Denomination
Roman Catholic
86.4%
Age of suffrage
18
85.6%
Hint
Answer
% Correct
Official Language
Luxembourgish
80.8%
Nationality (Demonym)
Luxembourger
53.1%
Year of EU accession
1957
48%
Second largest city
Esch-Alzette
46%
Country name in local language
Lëtzebuerg
45.4%
Largest group of immigrants
Portuguese
45.4%
National airline
Luxair
43.8%
Head of state
Grand Duke Henri
40.5%
Longest River
Moselle
36.6%
Head of government/
Prime minister
Xavier Bettel
35.6%
National animal
Lion
35.4%
National day
June 23
35%
Country Calling Code
+352
33.4%
Year of independence
1815
29%
District of Luxembourg #1
Diekirch
24.6%
Main seat to this EU institution
Court of Justice of the European Union
19.8%
District of Luxembourg #2
Grevenmacher
19%
Largest company
ArcelorMittal
18.8%
National bird
Goldcrest
6.7%
Main seat to this EU institution
Court of Auditors
6.6%
Quiz Playlist
Details
Report
Send in Message
Add To Playlist
More Info:
Answers can also be entered in Luxembourgish.
Classic:
Type in answers that appear in a list
Quiz Source
Last Updated: Feb 16, 2017
Quiz Scoreboard
CHALLENGE
Sign Up to Join the Scoreboard
Show All
Scores
Hide
Comments
May contain spoilers
Recently Published
Billboard Blitz: Fleetwood Mac
by CooCooCachoo
Music
15s
Presidents Visiting Landmarks
by Hejman
History
7m
An Introduction to Baseball
by treessimontrees
Sports
5m
More to Explore
Quiz From the Vault
Featured Blog Post
Where Did the Easter Bunny Come From?
hide this ad
You Might Also Like...
Tags
Country Quiz
Extra
Luxembourg
Today's Top Quizzes in Geography
Browse Geography
hide this ad
Today's Top Quizzes in Country
Browse Country
Top Contributed Quizzes in Geography
1
Countries of the World - No Outlines Minefield
2
Top 25 Cities of France on a map
3
Any capital of a 'B' country per Continent
4
Any capital of a 'C' country per Continent
5
Closest Countries to UK A-Z
6
Any capital of a 'D' country per Continent
7
5-to-1: US Geography No Hints
8
One Thing in Common: United Kingdom
9
Any capital of an 'E' country per Continent
10
Any capital of an 'F' country per Continent
Explore More
Trending Topics
Disney
Anime
Crossword
Harry Potter
Kpop
NBA
Marvel
Pokémon
Country
Soccer
The Office
NFL
WWE
Puzzle
Song
hide this ad
More By:
marsco
Quiz
Plays
Rating
Category
Featured
Created
Countries with Megacities
121,953
4.34
Geography
Dec 16, 2009
Most Populous German Cities
101,431
4.58
Geography
Sep 28, 2009
European countries where it's legal
6,838
2.99
Geography
Jan 31, 2010
Ethnic groups in Europe
6,370
4.30
Geography
Dec 6, 2009
Best-known Bruce Springsteen Songs
5,576
4.10
Music
Oct 31, 2009
Go to Creator's Profile
Score Distribution
Quiz Creator Spotlight
marsco
Follow
Send a Message
Quizzes Created
-
Created Quiz Play Count
-
More By This Creator
Popular Quizzes Today
1
Find the US States - No Outlines Minefield
2
Find the Countries of Europe - No Outlines Minefield
3
The Countries of the World
4
Find the US States
5
US States
6
Risky Map Clicking: Biggest States A-Z
7
Popular People in 1961
8
Movies - When Are They Set?
More Geography Quizzes
Five Most Populous African 'W' Cities
Quiz Lab
Trending Quizzes
Risky Map Clicking: Least Populous States A-Z
1-10 Letter G Words
1-10 Letter F Words
Risky Map Clicking: Next State Alphabetically
Risky Map Clicking: Biggest States A-Z
Recently Updated
Leaping Animals
pecheneg
Reality TV Shows (A-Z)
bhenderson79
Rickey Henderson's Hall of Fame Teammates
pecheneg
Champions League XIs: Arsenal
pecheneg
Quick Pick: Celebrities in WWE's Hall of Fame
aduchscher
A-Z Keypad Blitz II
pecheneg
Multiple Oscar Actors
pecheneg
Mystery Phrase Blitz: Oscar 'Best Actors'
pecheneg
F. Scott Fitzgerald Novels
LTH
Pick 3 Villains
ddd62291
Trending Topics
Marvel
Harry Potter
NBA
Anime
Crossword
Kpop
Disney
Country
The Office
Song
Puzzle
WWE
Pokémon
NFL
Soccer
Your Account Isn't Verified!
In order to create a playlist on Sporcle, you need to verify the email address you used during registration. Go to your
Sporcle Settings
to finish the process.
Report this User
Report this user for behavior that violates our
Community Guidelines
.
Details:
Send Report
Go to the Sporcle.com Mobile Site →
Comments